书目信息 |
| 题名: |
质量手册编写指南
|
|
| 作者: | 洪生伟 , 钱高娣 编著 | |
| 分册: | ||
| 出版信息: | 北京 中国计量出版社 1998.12 |
|
| 页数: | 352页 | |
| 开本: | 32开 | |
| 丛书名: | ||
| 单 册: | ||
| 中图分类: | F273.2-62 | |
| 科图分类: | ||
| 主题词: | 企业经济 | |
| 电子资源: | ||
| ISBN: | 7-5026-1103-7 | |
| 000 | 00618nam0 2200205 45 | |
| 001 | 0009131115 | |
| 005 | 20000913110640.8 | |
| 010 | @a7-5026-1103-7@d18.00元 | |
| 100 | @a20000913d1998 km y0chiy0120 ea | |
| 101 | 0 | @achi |
| 105 | @a z 000yy | |
| 200 | 1 | @a质量手册编写指南@AZhi Liang Shou Ce Bian Xie Zhi Nan@f洪生伟,钱高娣编著@FHong Sheng Wei,Qian Gao Di Bian Zhu |
| 210 | @a北京@c中国计量出版社@d1998.12 | |
| 215 | @a352页@d32开 | |
| 606 | 0 | @a企业经济 |
| 690 | @aF273.2-62@v3 | |
| 701 | 0 | @a洪生伟@4编著 |
| 701 | 0 | @a钱高娣@4编著 |
| 801 | @aCN@bPftUser@c20000913 | |
| 905 | @b139224-228@dF273.2-62@eW873=3@f5 | |
| 质量手册编写指南/洪生伟,钱高娣编著.-北京:中国计量出版社,1998.12 |
| 352页;32开 |
| ISBN 7-5026-1103-7:18.00元 |
| ● |
| 相关链接 |
|
|
|
正题名:质量手册编写指南
索取号:F273.2-62/W873=3
 
预约/预借
| 序号 | 登录号 | 条形码 | 馆藏地/架位号 | 状态 | 备注 |
| 1 | 139224 | 201392242 | 社科库409/409社科库 42排1列1层/ [索取号:F273.2-62/W873=3] | 在馆 | |
| 2 | 139225 | 201392251 | 社科二线422/409社科库 92排4列4层/ [索取号:F273.2-62/W873=3] | 在馆 | |
| 3 | 139226 | 201392260 | 社科二线422/409社科库 92排4列4层/ [索取号:F273.2-62/W873=3] | 在馆 | |
| 4 | 139227 | 201392279 | 社科二线422/409社科库 92排4列4层/ [索取号:F273.2-62/W873=3] | 在馆 | |
| 5 | 139228 | 201392288 | 社科二线422/409社科库 92排4列4层/ [索取号:F273.2-62/W873=3] | 在馆 |